| Tag |
First Indicator |
Second Indicator |
Subfields |
| LEADER |
00000cam a2200000 a 4500 |
| 001 |
in00000035201 |
| 005 |
20151007055326.0 |
| 008 |
871119s1988 nju 00110 eng |
| 010 |
|
|
|a 87031531
|
| 020 |
|
|
|a 0815511469 :
|c $42.00
|
| 035 |
|
|
|a (OCoLC)17200303
|
| 035 |
|
|
|9 AAB7907AM
|
| 040 |
|
|
|a DLC
|c DLC
|d TXA
|d UtOrBLW
|
| 049 |
|
|
|a TXAM
|c [A11507410]
|
| 050 |
0 |
0 |
|a TP936
|b .F53 1988
|
| 082 |
0 |
|
|a 667/.63/0212
|2 19
|
| 100 |
1 |
|
|a Flick, Ernest W.
|
| 245 |
1 |
0 |
|a Industrial water-based paint formulations /
|c by Ernest W. Flick.
|
| 264 |
|
1 |
|a Park Ridge, N.J. :
|b Noyes,
|c [1988]
|
| 264 |
|
4 |
|c ©1988
|
| 300 |
|
|
|a xvi, 277 pages ;
|c 25 cm.
|
| 336 |
|
|
|a text
|b txt
|2 rdacontent
|
| 337 |
|
|
|a unmediated
|b n
|2 rdamedia
|
| 338 |
|
|
|a volume
|b nc
|2 rdacarrier
|
| 500 |
|
|
|a Includes index.
|
| 650 |
|
0 |
|a Emulsion paint.
|
| 999 |
|
|
|a MARS
|
| 999 |
f |
f |
|s df2e1a01-a399-3fc0-b6e1-bd89c8a4440c
|i 8bb398e0-390c-36cc-9e20-ba9d79746fee
|t 0
|
| 952 |
f |
f |
|p normal
|a Texas A&M University
|b College Station
|c Sterling C. Evans Library
|d Evans: Library Stacks
|t 0
|e TP936 .F53 1988
|h Library of Congress classification
|i unmediated -- volume
|m A14811507410
|
| 998 |
f |
f |
|a TP936 .F53 1988
|t 0
|l Evans: Library Stacks
|